Six Inventational R6 2025 Teams - Statistiques

Statistiques générales
  • Ce quiz a été pris 12 fois
  • Le résultat moyen est 12 sur 20
Statistiques - réponses
Position Region Équipe % Correct
1er Brésil FaZe Clan
100%
3ème Brésil Furia Esports
100%
2ème Europe Team BDS
100%
17/18/19/20ème Europe Team Secret
100%
9/10/11/12ème Europe G2 Esports
88%
5/6ème Nord Amérique Spacestations Gaming
75%
7/8ème MENA(Moyen-Orient) Team Falcons
75%
9/10/11/12ème Nord Amérique DarkZero Esports
63%
13/14/15/16ème Nord Amérique M80
63%
17/18/19/20ème Corée du Sud PSG Talon
63%
9/10/11/12ème Europe Virtus Pro
63%
13/14/15/16ème Brésil W7M Esports
63%
7/8ème Nord Amérique Oxygen Esports
50%
13/14/15/16ème Brésil Team Liquid
50%
13/14/15/16ème Nord Amérique Shopify Rebellion
38%
4ème Nord Amérique Unwanted
38%
9/10/11/12ème Japon CAG Osaka
25%
5/6ème Brésil Razah Company
25%
17/18/19/20ème Japon Scarz
25%
17/18/19/20ème Asie Team Joel
13%
Aucun quiz correspondant
Distribution des résultats
% des personnes avec chaque résultat
Percentile par nombre de réponses
Votre historique - résultats
Vous n’avez pas pris ce quiz